Pokémon - Les attaques de Yveltal - Statistiques

Statistiques générales
  • Ce quiz a été pris 40 fois
  • Le résultat moyen est 9 sur 19
Statistiques - réponses
Niveaux Types Noms des coups % Correct
Niveau 50 Vol Mort'Ailes
89%
Niveau 40 Ténèbres Vibrobscur
79%
Niveau 30 Vol Atterrissage
68%
Niveau 60 Ténèbres Tricherie
68%
Niveau 55 Spectre Hantise
63%
Niveau 35 Vol Lame d'Air
63%
Niveau 80 Vol Piqué
63%
Niveau 65 Dragon Draco-Charge
58%
Niveau 85 Normal Ultralaser
58%
Niveau 70 Vol Vent Violent
58%
Départ Vol Tornade
53%
Niveau 20 Ténèbres Coup Bas
47%
Niveau 45 Psy Psyko
47%
Niveau 75 Combat Exploforce
42%
Niveau 5 Ténèbres Provoc
32%
Niveau 25 Vol Vent Arrière
32%
Niveau 10 Ténèbres Aboiement
26%
Niveau 15 Normal Entrave
0%
Départ Normal Reflet
0%
Aucun quiz correspondant
Distribution des résultats
% des personnes avec chaque résultat
Percentile par nombre de réponses
Votre historique - résultats
Vous n’avez pas pris ce quiz